[Event "POR-chT"]
[Site "Penafiel"]
[Date "2020.08.22"]
[Round "1.5"]
[White "Hernandez Munoz, Antonio Ramon"]
[Black "Pintor, Simao Maciel Abranc"]
[Result "0-1"]
[WhiteElo "2255"]
[BlackElo "2120"]
[PlyCount "66"]
[EventDate "2020.08.22"]
[EventType "team-tourn"]
[EventRounds "9"]
[EventCountry "POR"]
[SourceTitle "CBM 198 Extra"]
[Source "ChessBase"]
[SourceDate "2020.11.30"]
[SourceVersion "1"]
[SourceVersionDate "2020.11.30"]
[SourceQuality "1"]
[WhiteTeam "Amadora"]
[BlackTeam "Profi Gaia/Escola Profiss"]
[WhiteTeamCountry "POR"]
[BlackTeamCountry "POR"]

1. d4 d5 2. Nf3 e6 3. g3 c5 4. Bg2 Nc6 5. 0-0 Nf6 6. c4 cxd4 7. cxd5 exd5 8. Nxd4 Be7 9. Nc3 0-0 10. Be3 Re8 11. Rc1 Bg4 12. Nxc6 bxc6 13. Na4 Qd7 14. Qc2 Rac8 15. Rfd1 Bf5 16. Qd2 Ne4 17. Qa5 Bf6 18. b3 Ng5 19. h4 Rxe3 20. fxe3 Nh3+ 21. Kf1 Qd6 22. Bxh3 Bxh3+ 23. Kf2 Be5 24. Rg1 d4 25. e4 Qh6 26. Rc3 Bc7 27. Qxa7 dxc3 28. Qd4 c2 29. Qc3 Be5 30. Qc5 Bd4+ 31. Qxd4 c1Q 32. Rxc1 Qxc1 33. Nb6 Qf1+ 0-1

[Event "Lisbon Portugal op"]
[Site "Lisbon"]
[Date "2019.02.03"]
[Round "3"]
[White "Hernandez Munoz, Antonio Ramon"]
[Black "Jakubowski, Krzysztof"]
[Result "0-1"]
[WhiteElo "2249"]
[BlackElo "2514"]
[PlyCount "66"]
[EventDate "2019.02.02"]
[EventType "swiss"]
[EventRounds "9"]
[EventCountry "POR"]
[SourceTitle "CBM 188 Extra"]
[Source "ChessBase"]
[SourceDate "2019.02.26"]
[SourceVersion "1"]
[SourceVersionDate "2019.02.26"]
[SourceQuality "1"]

1. d4 Nf6 2. Nf3 e6 3. g3 d5 4. Bg2 b5 5. a4 b4 6. c4 bxc3 7. Nxc3 Ba6 8. 0-0 Nbd7 9. Bf4 c5 10. Re1 Be7 11. e4 dxe4 12. Ng5 0-0 13. Ngxe4 Rc8 14. Nd6 Bxd6 15. Bxd6 Re8 16. a5 h5 17. h3 h4 18. gxh4 c4 19. Bg3 Nf8 20. h5 Qd7 21. Be5 Bb7 22. Bxf6 gxf6 23. Qg4+ Kh8 24. h6 Ng6 25. d5 Rg8 26. Ne4 f5 27. dxe6 fxe6 28. Nf6 Qf7 29. Qd4 e5 30. Qd7 Qxd7 31. Nxd7 Nf4 32. Rxe5 Rxg2+ 33. Kf1 Rcg8 0-1

[Event "Seville op 41st"]
[Site "Seville"]
[Date "2016.01.10"]
[Round "3"]
[White "Hernandez Munoz, Antonio Ramon"]
[Black "Campora, Daniel Hugo"]
[Result "1-0"]
[WhiteElo "2154"]
[BlackElo "2466"]
[PlyCount "79"]
[EventDate "2016.01.08"]
[EventType "swiss"]
[EventRounds "9"]
[EventCountry "ESP"]
[SourceTitle "CBM 170 Extra"]
[Source "ChessBase"]
[SourceDate "2016.02.25"]
[SourceVersion "1"]
[SourceVersionDate "2016.02.25"]
[SourceQuality "1"]

1. d4 Nf6 2. Nf3 b5 3. Qd3 Ba6 4. e4 e6 5. Bg5 c5 6. e5 Qa5+ 7. b4 Qxb4+ 8. c3 Qb2 9. exf6 Qxa1 10. Qc2 Nc6 11. Be2 cxd4 12. 0-0 Rc8 13. Qb3 Rg8 14. Bd2 Na5 15. Qc2 gxf6 16. Na3 Qxf1+ 17. Bxf1 Bxa3 18. Qxh7 Ke7 19. Nxd4 Nc4 20. Bf4 d5 21. Nc6+ Rxc6 22. Qxg8 e5 23. Qa8 Rc7 24. Bh6 Ke6 25. g3 Be7 26. Bh3+ f5 27. g4 Bc8 28. gxf5+ Kd6 29. f6 Bxh3 30. fxe7 Kxe7 31. Bf8+ Kd7 32. Qxd5+ Ke8 33. Bb4 a6 34. Qa8+ Bc8 35. h4 f6 36. Kh2 Kf7 37. h5 Kg7 38. Qg2+ Kf7 39. Qg6+ Ke6 40. h6 1-0

[Event "Porto op"]
[Site "Porto"]
[Date "2015.07.14"]
[Round "3"]
[White "Leao, Tiago Miguel da S"]
[Black "Hernandez Munoz, Antonio Ramon"]
[Result "0-1"]
[WhiteElo "1941"]
[BlackElo "2200"]
[PlyCount "114"]
[EventDate "2015.07.13"]
[EventType "swiss"]
[EventRounds "9"]
[EventCountry "POR"]
[SourceTitle "CBM 167 Extra"]
[Source "ChessBase"]
[SourceDate "2015.09.14"]
[SourceVersion "1"]
[SourceVersionDate "2015.09.14"]
[SourceQuality "1"]

1. d4 Nf6 2. c4 g6 3. Nf3 Bg7 4. Nc3 d5 5. cxd5 Nxd5 6. e4 Nxc3 7. bxc3 c5 8. Be3 0-0 9. Be2 cxd4 10. cxd4 Qa5+ 11. Qd2 Qxd2+ 12. Nxd2 Nc6 13. Nb3 Rd8 14. Rd1 b6 15. 0-0 Bb7 16. a3 e6 17. Rd2 Rac8 18. Rfd1 Bf8 19. Bg5 Ne7 20. Bf3 Rc3 21. Rd3 Rdc8 22. d5 exd5 23. exd5 Bxd5 24. Rxd5 Nxd5 25. Bxd5 Bxa3 26. Bf6 R3c7 27. g3 Rd7 28. Bf3 Rxd1+ 29. Bxd1 a5 30. Kg2 a4 31. Nd4 Bb2 32. Bxa4 Rc4 33. Bb5 Rb4 34. Be7 Rxd4 35. Bc6 Rd2 36. Bg5 Rd6 37. Be4 b5 38. Kf3 Bc3 39. Ke2 b4 40. Bc2 Kg7 41. f3 f6 42. Bf4 Rd8 43. h3 Kf7 44. Bb3+ Ke7 45. Be3 Bd4 46. Bd2 Bc5 47. g4 Kd6 48. Bf4+ Kc6 49. h4 Kb5 50. Bc7 Re8+ 51. Kd2 Re3 52. Bd1 Rc3 53. Bf4 Bd4 54. Be2+ Ka4 55. Bd3 b3 56. h5 b2 57. Bc2+ Ka3 0-1

[Event "Almeria Sola Memorial 1st"]
[Site "Almeria"]
[Date "2014.12.28"]
[Round "6"]
[White "Lara Lopez, Sergio"]
[Black "Hernandez Munoz, Antonio Ramon"]
[Result "0-1"]
[WhiteElo "2184"]
[BlackElo "2151"]
[PlyCount "90"]
[EventDate "2014.12.26"]
[EventType "swiss"]
[EventRounds "7"]
[EventCountry "ESP"]
[SourceTitle "CBM 164 Extra"]
[Source "ChessBase"]
[SourceDate "2015.03.02"]
[SourceVersion "1"]
[SourceVersionDate "2015.03.02"]
[SourceQuality "1"]

1. e4 c5 2. Nc3 a6 3. g3 b5 4. Bg2 Bb7 5. d3 e6 6. Nh3 b4 7. Ne2 d5 8. exd5 Bxd5 9. Nhf4 Bxg2 10. Nxg2 Nc6 11. 0-0 Nf6 12. Be3 Be7 13. f4 Qd7 14. Qe1 0-0 15. h3 Nd5 16. Qf2 Nxe3 17. Qxe3 Rac8 18. c3 Rfd8 19. Rad1 Qd5 20. c4 Qd7 21. f5 Bf6 22. fxe6 Qxe6 23. Qxe6 fxe6 24. b3 Rd6 25. Nef4 Rcd8 26. Rde1 Ne5 27. Re4 Nxd3 28. Nxe6 R8d7 29. Ne3 Re7 30. Rxf6 gxf6 31. Nxc5 Rxe4 32. Nxe4 Re6 33. Nd5 Kf7 34. Nf2 Re1+ 35. Kg2 Re2 36. Kf3 Rxf2+ 37. Ke3 Rxa2 38. Kxd3 Rb2 39. c5 Rxb3+ 40. Kc4 Rxg3 41. c6 Ke6 42. Kc5 b3 43. c7 Kd7 44. Kb6 b2 45. Kb7 Rb3+ 0-1

[Event "ESP-ch Universities"]
[Site "Badajoz"]
[Date "2013.04.19"]
[Round "9"]
[White "Mingarro Carceller, Sergi"]
[Black "Hernandez Munoz, Antonio Ramon"]
[Result "1-0"]
[WhiteElo "2210"]
[BlackElo "2154"]
[PlyCount "95"]
[EventDate "2013.04.17"]
[EventType "swiss"]
[EventRounds "9"]
[EventCountry "ESP"]
[SourceTitle "CBM 154 Extra"]
[Source "ChessBase"]
[SourceDate "2013.06.25"]
[SourceVersion "2"]
[SourceVersionDate "2013.06.25"]
[SourceQuality "1"]

1. e4 c5 2. Nf3 d6 3. d4 cxd4 4. Qxd4 a6 5. Bc4 e6 6. Nc3 b5 7. Bb3 Bb7 8. Bg5 Qc7 9. 0-0-0 Nc6 10. Qe3 Nf6 11. Bf4 Ng4 12. Qe2 Nge5 13. Bg3 Be7 14. Nd5 exd5 15. exd5 Na5 16. Nxe5 Nxb3+ 17. axb3 dxe5 18. Bxe5 Qa5 19. Bxg7 Kd8 20. Bxh8 Qa1+ 21. Kd2 Qa5+ 22. c3 Qb6 23. Rhe1 Bg5+ 24. Kc2 Qg6+ 25. Qe4 Qxe4+ 26. Rxe4 f6 27. f4 Bc8 28. Red4 Bf5+ 29. Kc1 Bh4 30. g3 Ke7 31. d6+ Kd7 32. Bg7 Rg8 33. Bh6 Rg6 34. Bf8 Rg8 35. Be7 Bxg3 36. hxg3 Rxg3 37. Bxf6 Rg2 38. R4d2 Rg6 39. Be5 h5 40. Rh1 h4 41. Rxh4 Rg1+ 42. Rd1 Rg2 43. Rdh1 Be4 44. Rh7+ Ke6 45. R1h2 Rg1+ 46. Kd2 Rb1 47. d7 Rxb2+ 48. Ke3 1-0

[Event "ESP-ch Universities"]
[Site "Badajoz"]
[Date "2013.04.17"]
[Round "4"]
[White "Almagro Llamas, Pablo"]
[Black "Hernandez Munoz, Antonio Ramon"]
[Result "1-0"]
[WhiteElo "2442"]
[BlackElo "2154"]
[PlyCount "131"]
[EventDate "2013.04.17"]
[EventType "swiss"]
[EventRounds "9"]
[EventCountry "ESP"]
[SourceTitle "CBM 154 Extra"]
[Source "ChessBase"]
[SourceDate "2013.06.25"]
[SourceVersion "2"]
[SourceVersionDate "2013.06.25"]
[SourceQuality "1"]

1. e4 Nf6 2. e5 Nd5 3. d4 d6 4. c4 Nb6 5. exd6 exd6 6. Nc3 Be7 7. Be3 0-0 8. Qf3 Nc6 9. 0-0-0 Be6 10. c5 Nc8 11. Nh3 d5 12. Nf4 Qd7 13. Be2 Rd8 14. h4 Bf8 15. g4 b6 16. h5 N8e7 17. Rhg1 Qe8 18. Bd3 bxc5 19. dxc5 Ne5 20. Qe2 Nxd3+ 21. Rxd3 Rab8 22. h6 Nc6 23. Bd4 Nxd4 24. Rxd4 Bxc5 25. Qe5 Bxd4 26. Qxd4 Qf8 27. Nh5 Rb4 28. Qe5 Rxg4 29. Rxg4 Bxg4 30. hxg7 Qb4 31. Nf6+ Kxg7 32. Nxg4+ Kf8 33. Qh8+ Ke7 34. Qf6+ Ke8 35. Qe5+ Qe7 36. Qh8+ Qf8 37. Nf6+ Ke7 38. Nfxd5+ Kd7 39. Qxh7 Kc8 40. Qf5+ Kb8 41. Qd3 Qc5 42. Qf3 c6 43. Qf4+ Qd6 44. Qxd6+ Rxd6 45. Ne3 Kc7 46. Kc2 Kd7 47. Nc4 Rf6 48. Ne4 Rf4 49. f3 Kc7 50. Ncd2 f5 51. Ng3 Kd6 52. Kd3 Ke6 53. Ne2 Ra4 54. a3 c5 55. Nc4 Ra6 56. Nf4+ Kf6 57. Nd5+ Kg5 58. f4+ Kg4 59. Nce3+ Kf3 60. Nxf5 Ra4 61. Nfe3 Rd4+ 62. Kc3 Ke4 63. f5 Ke5 64. f6 Ke6 65. b4 Rh4 66. bxc5 1-0

[Event "ESP-ch U18"]
[Site "Linares"]
[Date "2010.07.26"]
[Round "2"]
[White "Hernandez Munoz, Antonio Ramon"]
[Black "Alonso Rosell, Alvar"]
[Result "1/2-1/2"]
[WhiteElo "2108"]
[BlackElo "2521"]
[PlyCount "68"]
[EventDate "2010.07.26"]
[EventType "swiss"]
[EventRounds "9"]
[EventCountry "ESP"]
[SourceTitle "CBM 137 Extra"]
[Source "ChessBase"]
[SourceDate "2010.09.01"]
[SourceVersion "1"]
[SourceVersionDate "2010.09.01"]
[SourceQuality "1"]

1. Nf3 d5 2. g3 c6 3. Bg2 Bf5 4. 0-0 e6 5. d3 h6 6. Nbd2 Nf6 7. b3 Be7 8. Bb2 0-0 9. c4 a5 10. a3 Bh7 11. Qc2 Na6 12. Rfc1 Re8 13. Ne5 Nd7 14. Nxd7 Qxd7 15. Bc3 Nc5 16. Qb2 Bf8 17. d4 Ne4 18. Nxe4 Bxe4 19. Bxe4 dxe4 20. e3 b5 21. Qd2 a4 22. b4 f5 23. Qe2 Be7 24. Bb2 Kh7 25. Rc2 Bf6 26. Rd1 Red8 27. Rdd2 Rab8 28. Kg2 Qf7 29. Kg1 Rb7 30. Rc1 Rb6 31. Rcc2 g5 32. cxb5 cxb5 33. Rc5 Qd7 34. Rdc2 Kg6 1/2-1/2

[Event "Seville op 34th"]
[Site "Seville"]
[Date "2009.01.25"]
[Round "3"]
[White "Barria Zuniga, Daniel"]
[Black "Hernandez Munoz, Antonio Ramon"]
[Result "1-0"]
[WhiteElo "2419"]
[BlackElo "2124"]
[PlyCount "113"]
[EventDate "2009.01.23"]
[EventType "swiss"]
[EventRounds "9"]
[EventCountry "ESP"]
[SourceTitle "CBM 128 Extra"]
[Source "ChessBase"]
[SourceDate "2009.03.05"]
[SourceVersion "2"]
[SourceVersionDate "2009.03.25"]
[SourceQuality "1"]

1. d4 Nf6 2. c4 g6 3. Nc3 Bg7 4. e4 d6 5. Nf3 0-0 6. Be2 e5 7. d5 a5 8. Bg5 h6 9. Bh4 Na6 10. Nd2 Qe8 11. 0-0 Nh7 12. a3 Bd7 13. b3 f5 14. f3 Nf6 15. Rb1 Nh5 16. Re1 Bf6 17. Bf2 f4 18. b4 axb4 19. axb4 Qe7 20. c5 Bh4 21. Bxh4 Qxh4 22. c6 bxc6 23. dxc6 Be6 24. Bc4 Ng7 25. Qe2 Bxc4 26. Qxc4+ Kh7 27. Red1 Rfb8 28. Nd5 Ra7 29. Ra1 Rba8 30. b5 Nc5 31. Rxa7 Rxa7 32. b6 Ra8 33. b7 Rb8 34. Nxc7 Qd8 35. Nd5 Nge6 36. Nb3 Nxb7 37. c7 Nxc7 38. Qxc7+ Qxc7 39. Nxc7 Kg7 40. h4 Kf7 41. Rc1 Nd8 42. Rc3 Rc8 43. Nd5 Rxc3 44. Nxc3 Ke6 45. Kh2 Nc6 46. Nd5 Kf7 47. Kh3 Ke6 48. Kg4 Na7 49. h5 g5 50. Nc1 Nb5 51. Nd3 Nd4 52. Nc3 Kf7 53. Nf2 Nc2 54. Kh3 Na3 55. Ng4 Kg7 56. Nd5 Nc4 57. Ne7 1-0

[Event "ESP-ch U18"]
[Site "Padron"]
[Date "2008.07.31"]
[Round "7"]
[White "Hernandez Munoz, Antonio Ramon"]
[Black "Arribas Lopez, Angel"]
[Result "1/2-1/2"]
[WhiteElo "2044"]
[BlackElo "2332"]
[PlyCount "88"]
[EventDate "2008.07.27"]
[EventType "swiss"]
[EventRounds "9"]
[EventCountry "ESP"]
[SourceTitle "CBM 125 Extra"]
[Source "ChessBase"]
[SourceDate "2008.09.01"]
[SourceVersion "1"]
[SourceVersionDate "2008.09.01"]
[SourceQuality "1"]

1. e4 c5 2. Nf3 d6 3. d4 cxd4 4. Nxd4 Nf6 5. Nc3 g6 6. Bg5 Bg7 7. Bb5+ Bd7 8. Qe2 0-0 9. 0-0-0 Nc6 10. Bxc6 Bxc6 11. e5 Nd5 12. Nxd5 Bxd5 13. exd6 Qxd6 14. Qxe7 Qxe7 15. Bxe7 Rfe8 16. Bg5 Bxg2 17. Rhg1 Be4 18. Nb5 Re5 19. Nd6 Bf3 20. Rd3 Bc6 21. h4 Rd5 22. Rxd5 Bxd5 23. Nf5 Be6 24. Nxg7 Kxg7 25. Rd1 Rc8 26. b3 Bf5 27. Rd2 a6 28. Be3 f6 29. c4 h6 30. Rd6 Re8 31. a4 Re4 32. Bd4 Be6 33. Bc3 Kf7 34. Rb6 Rxh4 35. Rxb7+ Kg8 36. Bxf6 Rf4 37. Rg7+ Kf8 38. Rxg6 Kf7 39. Be5 Rxc4+ 40. bxc4 Kxg6 41. c5 Bd7 42. a5 Kf5 43. Bd6 Ke4 44. Kd2 Kd4 1/2-1/2

[Event "ESP-ch U18"]
[Site "Padron"]
[Date "2008.07.30"]
[Round "6"]
[White "Rodrigo Yanguas, Maria"]
[Black "Hernandez Munoz, Antonio Ramon"]
[Result "0-1"]
[WhiteElo "1999"]
[BlackElo "2044"]
[PlyCount "112"]
[EventDate "2008.07.27"]
[EventType "swiss"]
[EventRounds "9"]
[EventCountry "ESP"]
[SourceTitle "CBM 125 Extra"]
[Source "ChessBase"]
[SourceDate "2008.09.01"]
[SourceVersion "1"]
[SourceVersionDate "2008.09.01"]
[SourceQuality "1"]

1. e4 c5 2. Nf3 d6 3. d4 cxd4 4. Nxd4 Nf6 5. Nc3 a6 6. Be2 e5 7. Nb3 Be7 8. 0-0 0-0 9. Be3 Qc7 10. f3 Be6 11. Qe1 b5 12. a3 d5 13. exd5 Nxd5 14. Nxd5 Bxd5 15. Bd3 f5 16. Rd1 Be6 17. Rf2 Nd7 18. Rfd2 Nb6 19. Qf2 Na4 20. f4 e4 21. Bf1 Nxb2 22. Ra1 Bc4 23. Bb6 Qc8 24. Bd4 Na4 25. Rad1 Bxa3 26. Qg3 Rf7 27. Be5 Bb4 28. Bxc4 bxc4 29. Rd8+ Qxd8 30. Rxd8+ Rxd8 31. Nd4 Bc5 32. c3 Rfd7 33. h4 Nxc3 34. Qxc3 Bxd4+ 35. Bxd4 Rxd4 36. h5 R8d6 37. Kh2 Kf8 38. Kg1 Kg8 39. Kh2 Rd8 40. Kg1 Kh8 41. Kh2 h6 42. Kg1 R8d7 43. Qa5 R4d5 44. Qxa6 Rd8 45. Qxc4 e3 46. Qe2 Re8 47. Kh2 Re7 48. Kh3 Rd2 49. Qc4 e2 50. Qc8+ Kh7 51. Qxf5+ Kg8 52. Qc8+ Kf7 53. Qf5+ Ke8 54. Qc8+ Rd8 55. Qc6+ Kf8 56. Qb6 Rd3+ 0-1

[Event "ESP-ch U18"]
[Site "Padron"]
[Date "2008.07.29"]
[Round "5"]
[White "Hernandez Munoz, Antonio Ramon"]
[Black "Moreno Gracia, Daniel"]
[Result "0-1"]
[WhiteElo "2044"]
[BlackElo "2292"]
[PlyCount "34"]
[EventDate "2008.07.27"]
[EventType "swiss"]
[EventRounds "9"]
[EventCountry "ESP"]
[SourceTitle "CBM 125 Extra"]
[Source "ChessBase"]
[SourceDate "2008.09.01"]
[SourceVersion "1"]
[SourceVersionDate "2008.09.01"]
[SourceQuality "1"]

1. e4 c5 2. Nf3 d6 3. d4 Nf6 4. Nc3 cxd4 5. Nxd4 a6 6. Bc4 e6 7. Bb3 b5 8. Bg5 Be7 9. Qf3 Qb6 10. 0-0-0 0-0 11. Rhe1 Nbd7 12. Qg3 Nc5 13. f4 Bb7 14. Bxf6 Bxf6 15. Kb1 Bxd4 16. Ne2 Nxb3 17. axb3 Bf2 0-1

[Event "ESP-ch U18"]
[Site "Padron"]
[Date "2008.07.28"]
[Round "3"]
[White "Hernandez Munoz, Antonio Ramon"]
[Black "Almagro Guardia, Elena"]
[Result "1-0"]
[WhiteElo "2044"]
[BlackElo "1895"]
[PlyCount "51"]
[EventDate "2008.07.27"]
[EventType "swiss"]
[EventRounds "9"]
[EventCountry "ESP"]
[SourceTitle "CBM 125 Extra"]
[Source "ChessBase"]
[SourceDate "2008.09.01"]
[SourceVersion "1"]
[SourceVersionDate "2008.09.01"]
[SourceQuality "1"]

1. e4 d5 2. exd5 Qxd5 3. Nc3 Qa5 4. d4 c6 5. Nf3 Nf6 6. Bc4 e6 7. Bd2 Qc7 8. Qe2 Be7 9. 0-0-0 Nbd7 10. g4 b5 11. Bb3 a5 12. g5 Ng8 13. a4 bxa4 14. Nxa4 Ba6 15. Qe4 Bd6 16. Bc3 Ne7 17. Rhe1 0-0 18. h4 c5 19. dxc5 Nxc5 20. Nxc5 Bxc5 21. Bxe6 fxe6 22. Qxe6+ Kh8 23. Ne5 Nf5 24. Rd7 Qb6 25. Nf7+ Rxf7 26. Qxf7 1-0

[Event "ESP-ch U18"]
[Site "Padron"]
[Date "2008.07.27"]
[Round "2"]
[White "Recuero Guerra, David"]
[Black "Hernandez Munoz, Antonio Ramon"]
[Result "1-0"]
[WhiteElo "2417"]
[BlackElo "2044"]
[PlyCount "61"]
[EventDate "2008.07.27"]
[EventType "swiss"]
[EventRounds "9"]
[EventCountry "ESP"]
[SourceTitle "CBM 125 Extra"]
[Source "ChessBase"]
[SourceDate "2008.09.01"]
[SourceVersion "1"]
[SourceVersionDate "2008.09.01"]
[SourceQuality "1"]

1. e4 c5 2. Nf3 d6 3. d4 cxd4 4. Nxd4 Nf6 5. f3 e5 6. Nb3 d5 7. Bg5 Be6 8. Bxf6 gxf6 9. exd5 Qxd5 10. Qxd5 Bxd5 11. Nc3 Bc6 12. 0-0-0 Nd7 13. Na5 0-0-0 14. Nxc6 bxc6 15. Bc4 Rg8 16. g4 Rg7 17. Ne4 Kc7 18. Ng3 Nb6 19. Rxd8 Kxd8 20. Bd3 Nd5 21. Nh5 Rg8 22. Bxh7 Rh8 23. Be4 Bh6+ 24. Kb1 Ke7 25. Rd1 Rd8 26. Rd3 Rd6 27. a3 Bg5 28. Ng3 Rd8 29. Nf5+ Ke8 30. c4 Ne7 31. Ng7+ 1-0

[Event "Andalucia-ch 0708"]
[Site "Motril"]
[Date "2008.05.17"]
[Round "3"]
[White "Weber, Francois1111"]
[Black "Hernandez Munoz, Antonio Ramon"]
[Result "1-0"]
[WhiteElo "2185"]
[BlackElo "2024"]
[PlyCount "109"]
[EventDate "2008.05.10"]
[EventType "swiss"]
[EventRounds "8"]
[EventCountry "ESP"]
[SourceTitle "EXT 2009"]
[Source "ChessBase"]
[SourceDate "2008.11.26"]
[SourceVersion "1"]
[SourceVersionDate "2008.11.26"]
[SourceQuality "1"]

1. e4 c5 2. c3 e6 3. d4 d5 4. e5 Nc6 5. Nf3 Qb6 6. a3 Bd7 7. b4 cxd4 8. cxd4 Rc8 9. Bb2 f6 10. Bd3 f5 11. Nbd2 Be7 12. h4 Nh6 13. Nb3 Ng4 14. h5 0-0 15. Rc1 a6 16. Nc5 Nb8 17. Qd2 Bxc5 18. bxc5 Qd8 19. Ng5 Nc6 20. Bc3 Qe7 21. Rb1 Nd8 22. Ba5 Bc6 23. f3 h6 24. Bxd8 Rcxd8 25. fxg4 Qxg5 26. Qxg5 hxg5 27. gxf5 exf5 28. Rf1 f4 29. Rb6 Rc8 30. Bg6 Rc7 31. Rf2 Re7 32. Bd3 Rc7 33. Be2 Kf7 34. Bg4 Ke7 35. Ke2 Rg8 36. Bf5 Rf8 37. Bd3 Rh8 38. Bg6 Bd7 39. Rd6 Bg4+ 40. Kd3 Bxh5 41. Bxh5 Rxh5 42. Rxd5 Rh1 43. Rd6 Ra1 44. Ke4 Rxa3 45. Rg6 Re3+ 46. Kf5 Kf8 47. Rxg5 Rf7+ 48. Ke6 Ke8 49. Rg6 a5 50. Ra2 Rd7 51. Rxa5 Rxd4 52. Rxg7 Kf8 53. Rf7+ Ke8 54. Ra8+ Rd8 55. Re7+ 1-0

[Event "Malaga op 11th"]
[Site "Malaga"]
[Date "2008.02.25"]
[Round "4"]
[White "Cori, Jorge Moise"]
[Black "Hernandez Munoz, Antonio Ramon"]
[Result "1-0"]
[WhiteElo "2346"]
[BlackElo "2075"]
[PlyCount "91"]
[EventDate "2008.02.23"]
[EventType "swiss"]
[EventRounds "9"]
[EventCountry "ESP"]
[SourceTitle "CBM 123 Extra"]
[Source "ChessBase"]
[SourceDate "2008.05.06"]
[SourceVersion "1"]
[SourceVersionDate "2008.05.06"]
[SourceQuality "1"]

1. e4 c5 2. Nf3 d6 3. Bb5+ Bd7 4. Bxd7+ Nxd7 5. c4 Ngf6 6. Nc3 e5 7. 0-0 a6 8. d3 Rb8 9. a4 Be7 10. Nh4 Nf8 11. Nf5 g6 12. Ne3 Ne6 13. Ned5 Nxd5 14. Nxd5 Nc7 15. Nxe7 Qxe7 16. f4 Ne6 17. f5 Nd4 18. Be3 Nc6 19. Qg4 Nb4 20. Qe2 b6 21. Rf3 Rb7 22. Raf1 Qd8 23. Rh3 b5 24. axb5 axb5 25. fxg6 fxg6 26. cxb5 Rxb5 27. d4 Qd7 28. dxe5 dxe5 29. Rd1 Qc6 30. Bh6 c4 31. Rc3 Rc5 32. Ra1 Nd3 33. Rca3 Qd7 34. Ra7 Qe6 35. R1a6 Rc6 36. Ra8+ Kd7 37. R6a7+ Rc7 38. Rxh8 Rxa7 39. Rxh7+ Qe7 40. Rxe7+ Kxe7 41. h4 Ra1+ 42. Kh2 Rb1 43. Qc2 Rxb2 44. Qxc4 Ne1 45. Bg5+ Kf8 46. Qc1 1-0